21 tình huống giao tiếp tiếng Đức

সংরক্ষণ করুন:
গ্রন্থ-পঞ্জীর বিবরন
প্রধান লেখক: Hồng Phúc
বিন্যাস: গ্রন্থ
ভাষা:Undetermined
প্রকাশিত: Thành phố Hồ Chí Minh Tổng hợp Thành phố Hồ Chí Minh 2004
বিষয়গুলি:
ট্যাগগুলো: ট্যাগ যুক্ত করুন
কোনো ট্যাগ নেই, প্রথমজন হিসাবে ট্যাগ করুন!
Thư viện lưu trữ: Trung tâm Học liệu Trường Đại học Cần Thơ
LEADER 00576nam a2200193Ia 4500
001 CTU_93878
008 210402s9999 xx 000 0 und d
020 |c 26000 
082 |a 430 
082 |b H455 
100 |a Hồng Phúc 
245 0 |a 21 tình huống giao tiếp tiếng Đức 
245 0 |c Hồng Phúc 
260 |a Thành phố Hồ Chí Minh 
260 |b Tổng hợp Thành phố Hồ Chí Minh 
260 |c 2004 
650 |a German language 
904 |i Tuyến 
980 |a Trung tâm Học liệu Trường Đại học Cần Thơ